=LDR 00000nam 2200000 4500 =001 INLIS000000000050462 =005 20170505080206 =035 ##$$a 0010-0517000115 =007 ta =008 170505###########################0###### =020 ##$$a 978-602-6348-28-9 =082 ##$$a 639.31 =084 ##$$a 639.31 SET m =100 #$$a Setyaningrum, Tyas =245 1#$$a Menambah Penghasilan Dengan Beternak Belut /$c Setyaningrum, Tyas =250 ##$$a Cet.1 =260 ##$$a Yogyakarta :$b Air Publishing,$c 2016 =300 ##$$a 100 hlm. : $b Ilus ; $c 20, 5 cm. =990 ##$$a 78657865 =990 ##$$a 78657865 =990 ##$$a 31701077 =990 ##$$a 02201707865 =990 ##$$a 31701078 =990 ##$$a 31701077